Szczegóły MARC21

Układ transportowy północ-południe : II Konferencja Naukowo-Techniczna, Szczecin 23-24 października 1996 r /

005 -DATA I CZAS OSTATNIEJ MODYFIKACJI [,]
    • @
    • pole kontrolne
    • 20070315155141.9
020 -Międzynarod. znormalizowany nr książki - ISBN [ , ]
    • a
    • Numer ISBN
    • 8390684756 Find
040 -Instytucja sporządzająca opis [ , ]
    • a
    • Instytucja, która sporządziła opis (NP)
    • SZCZ U
    • c
    • Instytucja, która sporządziła rekord (NP)
    • SZCZ U
041 -Język dokumentu [0, ]
    • a
    • Język tekstu (P)
    • polski
    • h
    • Język tekstu oryginalnego i/lub pośredniego (P)
    • polski
942 -Rodzaj dokumentu [ , ]
    • c
    • Rodzaj dokumentu
    • Książka
245 -Strefa tytułu i oznaczenia odpowiedzialności [0, ]
    • a
    • Tytuł
    • Układ transportowy północ-południe : Find
    • b
    • Ciąg dalszy tytułu (NP)
    • II Konferencja Naukowo-Techniczna, Szczecin 23-24 października 1996 r / Find
260 -Strefa adresu wydawniczego [ , ]
    • a
    • Miejsce wydania (P)
    • Szczecin :
    • b
    • Nazwa wydawcy (P)
    • Biuro Infor.Gospodarczej,
    • c
    • Data wydania (P)
    • 1996.
300 -Strefa opisu fizycznego [ , ]
    • a
    • Określenie formy książki i/lub objętość (NP)
    • 122 s. :
    • b
    • Oznaczenie ilustracji (NP)
    • mapki,wykr. :
    • c
    • Format (NP)
    • 24 cm.
490 -Strefa serii i książki wielotomowej - forma nie do wyszukiwania [0, ]
    • a
    • Tytuł (P)
    • (Cargotrans ; Find
    • v
    • Numeracja (P)
    • 96)
500 -Uwaga ogólna [ , ]
    • a
    • Uwaga ogólna (NP)
    • Zawiera art.w jęz.słow.i ang. - Bibliogr.Summ
080 -Uniwersalna Klasyfikacja Dziesiętna [ , ]
    • a
    • Symbol klasyfikacji
    • 656.1/.5(438)(061)
080 -Uniwersalna Klasyfikacja Dziesiętna [ , ]
    • a
    • Symbol klasyfikacji
    • :656.6(438)(061)
980 -Symbol UKD [ , ]
    • a
    • UKD
    • 656.1/.5:656.6](438)(061)
920 -ISBN [ , ]
    • a
    • ISBN
    • 83-906847-5-6 Find
Status udost. Numer inwentarzowy Sygnatura Lokalizacja Data inwentaryzacji
-3T.2675 T2000-06-12
-2T.2676T.2676T2000-06-12
-3T.2677 T2000-06-12
-3T.2678 T2000-06-12
-3T.2679 T2000-06-12
-3T.2680 T2000-06-12
-3T.2681 T2000-06-12
-3T.2682 T2000-06-12
-6T.2683 T2000-06-12
-3T.2684 T2000-06-12
-3T.6753 T2002-03-20